| 000 | 00942nam a2200229 4500 | ||
|---|---|---|---|
| 001 | 114074 | ||
| 003 | ES-MaACL | ||
| 005 | 20231212062553.0 | ||
| 007 | t| | ||
| 008 | 061121s1957 sp r ||||1| spa d | ||
| 245 | 0 | 0 |
_aPaisaje y literatura de España : _bantología de los escritores del 98 / _cestudio preliminar y fotografías en color de Marina Romero ; prólogo de Julián Marías. |
| 260 |
_aMadrid : _bTecnos, _c[1957] |
||
| 300 |
_a431 p., 67 lám. col. ; _c25 cm. |
||
| 505 | 8 | _aContiene: Azorín . Pío Baroja . Juan Ramón Jiménez . Antonio Machado . Juan Maragall . Miguel de Unamuno . Ramón Mª del Valle Inclán. | |
| 650 | 4 |
_aLiteratura española- _yS.XX. _9148763 |
|
| 650 | 4 |
_aGeneración del 98 (Literatura) _913051 |
|
| 650 | 4 |
_aPaisaje- _xEn la literatura. _915789 |
|
| 700 | 1 |
_aRomero, Marina. _999343 |
|
| 700 | 1 |
_aMarías, Julián, _d1914-2005 _976688 |
|
| 852 |
_aES-MaACL _jC-19615 |
||
| 999 |
_c114074 _d114074 |
||